00452nam a2200157Ia 4500001000500000005001700005008004100022041000800063082001800071100002900089245012300118260000900241300002800250650000800278654000800286393320260306145719.0260306t2007||||xx |||||||||||||| ||spa|| aESP a305.5633bM61 aBebbington, AnthonyeAUT 0aMinería, movimientos sociales y respuestas campesinas :buna ecología política de transformaciones territoriales c2007 a349 páginas :c20 cm. aGEN aCHU